000 00673nam a22002417a 4500
003 UA-OsUOA
001 24494
007 ta
008 20040219b un ||||| |||| 00| 0 ukr d
090 _a330(075)
_bЗ42
942 _cBK
040 _aUA-OsUOA
_bukr
_cUA-OsUOA
_dUA-OsUOA
245 _aЗагальна економіка
_bпідручник для ліцеїв та гімназій
_cІ. Ф. Радіонової
300 _a370 с.
955 _a2
041 _aukr
080 _a330(075)
020 _a5-7707-1074-8
260 _aКиїв
_bЗаповіт
_c1995
044 _aUA
650 7 _a330 Економіка взагалі
_2UDC
999 _c310767
_d310767